Manorama Year Book 2010 (Record no. 4682)

MARC details
000 -LEADER
fixed length control field 00331nam a22001457a 4500
005 - DATE AND TIME OF LATEST TRANSACTION
control field 20260413155328.0
008 - FIXED-LENGTH DATA ELEMENTS--GENERAL INFORMATION
fixed length control field 160629b xxu||||| |||| 00| 0 eng d
041 ## - LANGUAGE CODE
Language code of text/sound track or separate title eng
082 ## - DEWEY DECIMAL CLASSIFICATION NUMBER
Classification number 054
245 ## - TITLE STATEMENT
Title Manorama Year Book 2010
260 ## - PUBLICATION, DISTRIBUTION, ETC. (IMPRINT)
Name of publisher Malayala Manorama
300 ## - PHYSICAL DESCRIPTION
Number of Pages 1016
650 ## - SUBJECT ADDED ENTRY--TOPICAL TERM
Topical Term General periodicals
942 ## - ADDED ENTRY ELEMENTS (KOHA)
Koha item type Books
Holdings
Lost status Damaged status Collection code Home library Current library Shelving location Date acquired Cost, normal purchase price Full call number Accession Number Koha item type
    LIFE SKILL JRU Library JRU Library SHELF-101-I 29/06/2016 150.00 054 10841 Books
    LIFE SKILL JRU Library JRU Library SHELF-101-I 29/06/2016 150.00 054 10842 Books